00596nam a22002057a 450000500170000001000150001702000260003203500130005803500170007103500130008803700130010103700120011408200110012610000220013724500920015926000350025127000650028630000200035150000190037120180308121000.0 aENG-109775 a9788191087345c995.00 aEN-93308 aB-536716-717 aB-667691 bDBAD/PUB bKKP/Ven a025.04 aGahale, Pravin D.00aFundamentals of N-LIST :cby Pravin D. Gahalebits contribution to college libraries /  aKanpurbGarima Prakashanc2013 a1st floor, Mayur Park, Basant Vihar NaubastabKanpure208021 a328p.c22cm(Hb) aIncludes index